[Event "Fagernes GM-A 2019"]
[Site "Fagernes"]
[Date "2019.04.20"]
[Round "8.6"]
[White "Sisatto, Olli"]
[Black "Vestby-Ellingsen, Mads"]
[Result "1/2-1/2"]
[WhiteElo "2276"]
[BlackElo "2333"]
[Annotator "NA"]
[PlyCount "134"]
[EventDate "2019.04.14"]
[EventType "tourn"]
[EventCountry "NOR"]
[SourceTitle "playchess.com"]
[Source "ChessBase"]
[SourceQuality "1"]
[TimeControl "40/7200:3600"]

1. d4 {[%emt 0:00:05]} Nf6 {[%emt 0:00:08]} 2. c4 {[%emt 0:00:13]} g6 {[%emt 0:00:08]} 3. Nc3 {[%emt 0:00:18]} d5 {[%emt 0:00:09]} 4. Nf3 {[%emt 0:01:50]} Bg7 {[%emt 0:00:16]} 5. Qb3 {[%emt 0:00:22]} dxc4 {[%emt 0:00:20]} 6. Qxc4 {[%emt 0:00:10]} O-O {[%emt 0:00:19]} 7. e4 {[%emt 0:00:15]} Na6 {[%emt 0:00:48]} 8. Be2 {[%emt 0:00:47]} c5 {[%emt 0:00:16]} 9. d5 {[%emt 0:00:32]} e6 {[%emt 0:00:15]} 10. O-O {[%emt 0:00:27]} exd5 {[%emt 0:00:18]} 11. exd5 {[%emt 0:00:14]} Bf5 {[%emt 0:02:05]} 12. Be3 {[%emt 0:11:19]} Re8 {[%emt 0:13:26]} 13. Rad1 {[%emt 0:03:54]} Ne4 {[%emt 0:15:50]} 14. Nxe4 {[%emt 0:04:22]} Bxe4 {[%emt 0:05:14]} 15. d6 {[%emt 0:09:35]} Bc6 {[%emt 0:11:39]} 16. Ng5 {[%emt 0:18:00]} Qf6 {[%emt 0:11:43]} 17. d7 {[%emt 0:11:49]} Red8 {[%emt 0:04:23]} 18. Bf3 {[%emt 0:08:47]} Bxf3 {[%emt 0:07:31]} 19. Nxf3 {[%emt 0:04:25]} Qc6 {[%emt 0:00:22]} 20. Qd5 {[%emt 0:27:53]} Qxd5 {[%emt 0:01:19]} 21. Rxd5 {[%emt 0:00:05]} Nb4 {[%emt 0:11:24]} 22. Rd2 {[%emt 0:06:19]} c4 {[%emt 0:06:11]} 23. Bg5 {[%emt 0:00:07]} f6 {[%emt 0:00:12]} 24. Be3 {[%emt 0:00:12]} Nd3 {[%emt 0:00:37]} 25. b3 {[%emt 0:00:17]} b5 {[%emt 0:02:03]} 26. bxc4 {[%emt 0:00:08]} bxc4 {[%emt 0:00:07]} 27. Rc2 {[%emt 0:00:16]} Nb4 {[%emt 0:04:55]} 28. Rxc4 {[%emt 0:00:12]} Nd5 {[%emt 0:00:08]} 29. Rd1 {[%emt 0:01:17]} Rxd7 {[%emt 0:00:11]} 30. Rcd4 {[%emt 0:01:58]} Nxe3 {[%emt 0:00:37]} 31. Rxd7 {[%emt 0:00:31]} Nxd1 {[%emt 0:00:10]} 32. Rxd1 {[%emt 0:00:04]} Rb8 {[%emt 0:00:51]} 33. Kf1 {[%emt 0:00:15]} Bf8 {[%emt 0:01:24]} 34. Rd2 {[%emt 0:00:26]} a5 {[%emt 0:00:40]} 35. Ke2 {[%emt 0:00:47]} a4 {[%emt 0:01:20]} 36. Rc2 {[%emt 0:00:09]} Kf7 {[%emt 0:01:49]} 37. Ne1 {[%emt 0:00:21]} Ke6 {[%emt 0:02:25]} 38. Nd3 {[%emt 0:00:05]} Bd6 {[%emt 0:00:12]} 39. h3 {[%emt 0:00:13]} a3 {[%emt 0:00:56]} 40. Kd2 {[%emt 0:00:33]} Kd5 {[%emt 0:00:55]} 41. Rc3 {[%emt 0:12:23]} Rb1 {[%emt 0:08:27]} 42. Rc1 {[%emt 0:05:07]} Rb7 {[%emt 0:08:22]} 43. Rc3 {[%emt 0:00:52]} f5 {[%emt 0:01:10]} 44. Kc2 {[%emt 0:04:40]} g5 {[%emt 0:03:55]} 45. Rc8 {[%emt 0:02:43]} Rc7+ {[%emt 0:08:09]} 46. Rxc7 {[%emt 0:00:23]} Bxc7 {[%emt 0:00:07]} 47. Kb3 {[%emt 0:04:38]} Bd6 {[%emt 0:01:52]} 48. Ne1 {[%emt 0:01:25]} g4 {[%emt 0:01:55]} 49. Nc2 {[%emt 0:02:09]} gxh3 {[%emt 0:05:45]} 50. gxh3 {[%emt 0:00:43]} Ke4 {[%emt 0:00:46]} 51. Nxa3 {[%emt 0:00:43]} Kf3 {[%emt 0:01:19]} 52. Nc4 {[%emt 0:05:00]} Bb8 {[%emt 0:00:08]} 53. Kc3 {[%emt 0:04:22]} Kxf2 {[%emt 0:01:08]} 54. Kd3 {[%emt 0:03:44]} h5 {[%emt 0:11:44]} 55. a4 {[%emt 0:00:23]} Kg3 {[%emt 0:03:47]} 56. Ke2 {[%emt 0:01:33]} Kxh3 {[%emt 0:01:12]} 57. Kf3 {[%emt 0:00:19]} Kh2 {[%emt 0:00:55]} 58. Ne3 {[%emt 0:01:35]} h4 {[%emt 0:01:38]} 59. Nxf5 {[%emt 0:00:16]} h3 {[%emt 0:00:23]} 60. Kg4 {[%emt 0:02:11]} Ba7 {[%emt 0:00:11]} 61. Nh4 {[%emt 0:01:41]} Bf2 {[%emt 0:00:05]} 62. Nf3+ {[%emt 0:00:11]} Kg2 {[%emt 0:00:02]} 63. a5 {[%emt 0:00:06]} Bg3 {[%emt 0:01:10]} 64. a6 {[%emt 0:00:22]} Bf2 {[%emt 0:00:03]} 65. Ne1+ {[%emt 0:01:12]} Kf1 {[%emt 0:00:08]} 66. Kxh3 {[%emt 0:00:13]} Kxe1 {[%emt 0:00:03]} 67. a7 {[%emt 0:00:04]} Bxa7 {[%emt 0:02:00]} 1/2-1/2

[Event "Fagernes GM-A 2019"]
[Site "Fagernes"]
[Date "2019.04.20"]
[Round "8.7"]
[White "Vorobiov, Evgeny E."]
[Black "Nielsen, Andre"]
[Result "1-0"]
[WhiteElo "2565"]
[BlackElo "2201"]
[Annotator "ChessBase"]
[PlyCount "81"]
[EventDate "2019.04.14"]
[EventType "tourn"]
[EventCountry "NOR"]
[SourceTitle "playchess.com"]
[Source "ChessBase"]
[SourceQuality "1"]
[TimeControl "40/7200:3600"]

1. Nf3 {[%emt 0:00:04]} d5 {[%emt 0:00:58]} 2. d4 {[%emt 0:00:05]} Nf6 {[%emt 0:00:21]} 3. c4 {[%emt 0:00:04]} e6 {[%emt 0:00:45]} 4. Nc3 {[%emt 0:00:05]} Be7 {[%emt 0:00:54]} 5. Bg5 {[%emt 0:00:13]} O-O {[%emt 0:00:47]} 6. e3 {[%emt 0:00:06]} h6 {[%emt 0:13:43]} 7. Bh4 {[%emt 0:01:18]} Ne4 {[%emt 0:00:28]} 8. Bxe7 {[%emt 0:00:12]} Qxe7 {[%emt 0:00:07]} 9. cxd5 {[%emt 0:00:32]} Nxc3 {[%emt 0:01:52]} 10. bxc3 {[%emt 0:00:05]} exd5 {[%emt 0:00:17]} 11. Qb3 {[%emt 0:00:04]} c6 {[%emt 0:07:05]} 12. Be2 {[%emt 0:05:12]} Nd7 {[%emt 0:09:39]} 13. a4 {[%emt 0:01:33]} Nf6 {[%emt 0:04:56]} 14. O-O {[%emt 0:03:13]} Bg4 {[%emt 0:05:27]} 15. h3 {[%emt 0:00:48]} Be6 {[%emt 0:01:05]} 16. a5 {[%emt 0:05:14]} Ne4 {[%emt 0:05:10]} 17. Rfb1 {[%emt 0:07:16]} Rab8 {[%emt 0:04:40]} 18. c4 {[%emt 0:03:11]} b5 {[%emt 0:11:51]} 19. axb6 {[%emt 0:06:17]} Rxb6 {[%emt 0:02:24]} 20. Qc2 {[%emt 0:00:10]} Rfb8 {[%emt 0:07:02]} 21. Rxb6 {[%emt 0:02:39]} axb6 {[%emt 0:01:12]} 22. Ne5 {[%emt 0:04:19]} Qd6 {[%emt 0:02:52]} 23. Bd3 {[%emt 0:05:45]} Nc5 {[%emt 0:05:27]} 24. cxd5 {[%emt 0:07:32]} Bxd5 {[%emt 0:01:21]} 25. Bh7+ {[%emt 0:06:20]} Kh8 {[%emt 0:08:03]} 26. Ra7 {[%emt 0:01:12]} Rf8 {[%emt 0:01:44]} 27. Bf5 {[%emt 0:11:08]} Qb8 {[%emt 0:05:29]} 28. Ra3 {[%emt 0:01:44]} Qc7 {[%emt 0:04:07]} 29. dxc5 {[%emt 0:14:51]} Qxe5 {[%emt 0:00:14]} 30. cxb6 {[%emt 0:01:29]} Rb8 {[%emt 0:01:22]} 31. e4 {[%emt 0:02:49]} Be6 {[%emt 0:02:08]} 32. Bxe6 {[%emt 0:10:57]} Qxe6 {[%emt 0:00:17]} 33. Ra6 {[%emt 0:03:47]} Kh7 {[%emt 0:02:02]} 34. e5+ {[%emt 0:03:28]} g6 {[%emt 0:00:25]} 35. Qc5 {[%emt 0:00:26]} Kg7 {[%emt 0:02:18]} 36. Kh2 {[%emt 0:03:14]} h5 {[%emt 0:00:26]} 37. Ra4 {[%emt 0:00:28]} Rb7 {[%emt 0:00:18]} 38. Rb4 {[%emt 0:00:33]} Qd7 {[%emt 0:00:15]} 39. Rd4 {[%emt 0:00:27]} Qf5 {[%emt 0:00:17]} 40. Rd8 {[%emt 0:00:55]} Qf4+ {[%emt 0:00:11]} 41. g3 {[%emt 1:00:07]} 1-0

[Event "Fagernes GM-A 2019"]
[Site "Fagernes"]
[Date "2019.04.20"]
[Round "8.8"]
[White "Blomqvist, Erik"]
[Black "Galinsky, Timofey"]
[Result "1-0"]
[WhiteElo "2496"]
[BlackElo "2378"]
[Annotator "ChessBase"]
[PlyCount "195"]
[EventDate "2019.04.14"]
[EventType "tourn"]
[EventCountry "NOR"]
[SourceTitle "playchess.com"]
[Source "ChessBase"]
[SourceQuality "1"]
[TimeControl "40/7200:3600"]

1. e4 {[%emt 0:00:30]} e6 {[%emt 0:00:06]} 2. d4 {[%emt 0:00:06]} d5 {[%emt 0:00:07]} 3. Nd2 {[%emt 0:00:21]} dxe4 {[%emt 0:00:36]} 4. Nxe4 {[%emt 0:00:07]} Bd7 {[%emt 0:00:52]} 5. Nf3 {[%emt 0:00:17]} Bc6 {[%emt 0:00:10]} 6. Bd3 {[%emt 0:00:16]} Nd7 {[%emt 0:00:37]} 7. Qe2 {[%emt 0:08:17]} Ngf6 {[%emt 0:01:35]} 8. Neg5 {[%emt 0:00:56]} Bxf3 {[%emt 0:01:15]} 9. Nxf3 {[%emt 0:00:19]} c6 {[%emt 0:02:09]} 10. O-O {[%emt 0:01:24]} Be7 {[%emt 0:00:09]} 11. c3 {[%emt 0:02:51]} O-O {[%emt 0:00:43]} 12. Bf4 {[%emt 0:04:05]} Re8 {[%emt 0:02:17]} 13. Rfe1 {[%emt 0:01:46]} Nf8 {[%emt 0:00:34]} 14. Rad1 {[%emt 0:01:27]} Qa5 {[%emt 0:03:02]} 15. Bb1 {[%emt 0:01:21]} Ng6 {[%emt 0:03:52]} 16. Bc1 {[%emt 0:03:12]} Rad8 {[%emt 0:05:11]} 17. g3 {[%emt 0:05:26]} a6 {[%emt 0:02:12]} 18. h4 {[%emt 0:13:40]} Qh5 {[%emt 0:02:48]} 19. a4 {[%emt 0:25:29]} Nd5 {[%emt 0:06:31]} 20. a5 {[%emt 0:02:37]} Bd6 {[%emt 0:04:10]} 21. Nd2 {[%emt 0:06:31]} Qxe2 {[%emt 0:00:53]} 22. Rxe2 {[%emt 0:00:04]} Bc7 {[%emt 0:01:58]} 23. Nc4 {[%emt 0:07:03]} Nf8 {[%emt 0:01:54]} 24. Rde1 {[%emt 0:03:46]} Nd7 {[%emt 0:02:06]} 25. Be4 {[%emt 0:00:24]} N7f6 {[%emt 0:00:17]} 26. Bf3 {[%emt 0:00:13]} Rc8 {[%emt 0:02:13]} 27. Bd2 {[%emt 0:03:22]} Red8 {[%emt 0:00:30]} 28. b4 {[%emt 0:00:17]} h6 {[%emt 0:00:48]} 29. Kg2 {[%emt 0:00:27]} Kf8 {[%emt 0:01:48]} 30. Ra1 {[%emt 0:01:48]} Kg8 {[%emt 0:00:18]} 31. Nb2 {[%emt 0:00:54]} Ne7 {[%emt 0:02:17]} 32. Nd3 {[%emt 0:00:33]} Rb8 {[%emt 0:01:04]} 33. Kf1 {[%emt 0:05:18]} Nf5 {[%emt 0:01:37]} 34. Kg2 {[%emt 0:00:06]} Nd5 {[%emt 0:01:57]} 35. Rh1 {[%emt 0:01:34]} Nd6 {[%emt 0:03:07]} 36. Ra1 {[%emt 0:00:54]} Nf5 {[%emt 0:01:21]} 37. Be1 {[%emt 0:00:53]} Nf6 {[%emt 0:00:44]} 38. Kh3 {[%emt 0:02:27]} Nd6 {[%emt 0:01:04]} 39. Kg2 {[%emt 0:01:48]} Nf5 {[%emt 0:00:25]} 40. Raa2 {[%emt 0:03:57]} Nd6 {[%emt 0:04:39]} 41. Bd2 {[%emt 0:07:40]} Nf5 {[%emt 0:01:43]} 42. Re1 {[%emt 0:00:36]} Nd5 {[%emt 0:01:24]} 43. Nc5 {[%emt 0:01:26]} Nd6 {[%emt 0:01:51]} 44. Rc2 {[%emt 0:01:06]} Nf5 {[%emt 0:00:28]} 45. Bc1 {[%emt 0:02:14]} Nd6 {[%emt 0:02:54]} 46. Be2 {[%emt 0:03:42]} Nf5 {[%emt 0:01:57]} 47. Bd3 {[%emt 0:02:47]} Bd6 {[%emt 0:10:51]} 48. Bd2 {[%emt 0:03:38]} Nf6 {[%emt 0:02:16]} 49. Bc4 {[%emt 0:03:29]} Kh8 {[%emt 0:03:57]} 50. Bc1 {[%emt 0:00:51]} Nd5 {[%emt 0:00:42]} 51. h5 {[%emt 0:00:56]} Bc7 {[%emt 0:01:08]} 52. f4 {[%emt 0:01:54]} Nf6 {[%emt 0:06:44]} 53. Rh1 {[%emt 0:00:16]} Nd7 {[%emt 0:01:15]} 54. Ra2 {[%emt 0:01:57]} Nd6 {[%emt 0:00:47]} 55. Bd3 {[%emt 0:02:19]} Nb5 {[%emt 0:01:20]} 56. Nxd7 {[%emt 0:00:55]} Rxd7 {[%emt 0:00:15]} 57. Bd2 {[%emt 0:00:25]} Rbd8 {[%emt 0:01:01]} 58. Be1 {[%emt 0:00:13]} Bb8 {[%emt 0:00:25]} 59. Re2 {[%emt 0:00:21]} Bd6 {[%emt 0:02:03]} 60. Bc4 {[%emt 0:00:30]} Nc7 {[%emt 0:01:33]} 61. Kf3 {[%emt 0:00:17]} Nd5 {[%emt 0:01:23]} 62. Bd2 {[%emt 0:00:30]} Nf6 {[%emt 0:00:09]} 63. Bb3 {[%emt 0:00:56]} Bf8 {[%emt 0:02:19]} 64. g4 {[%emt 0:00:42]} Nd5 {[%emt 0:01:37]} 65. Bc2 {[%emt 0:00:37]} Nc7 {[%emt 0:03:50]} 66. g5 {[%emt 0:01:46]} Nb5 {[%emt 0:01:29]} 67. Kf2 {[%emt 0:06:55]} Be7 {[%emt 0:09:50]} 68. Rg1 {[%emt 0:01:51]} hxg5 {[%emt 0:05:56]} 69. fxg5 {[%emt 0:00:03]} f6 {[%emt 0:05:10]} 70. Rxe6 {[%emt 0:00:51]} Bxb4 {[%emt 0:01:32]} 71. gxf6 {[%emt 0:01:55]} Rf8 {[%emt 0:00:43]} 72. h6 {[%emt 0:01:22]} gxf6 {[%emt 0:00:14]} 73. Rg7 {[%emt 0:01:03]} Rxg7 {[%emt 0:12:43]} 74. hxg7+ {[%emt 0:00:02]} Kxg7 {[%emt 0:00:04]} 75. cxb4 {[%emt 0:00:04]} Nxd4 {[%emt 0:00:07]} 76. Re7+ {[%emt 0:00:02]} Rf7 {[%emt 0:00:05]} 77. Rxf7+ {[%emt 0:00:03]} Kxf7 {[%emt 0:00:05]} 78. Bd1 {[%emt 0:00:03]} Ke6 {[%emt 0:00:47]} 79. Ke3 {[%emt 0:00:05]} Kd5 {[%emt 0:00:27]} 80. Bc3 {[%emt 0:00:20]} Nf5+ {[%emt 0:03:11]} 81. Kd3 {[%emt 0:00:04]} Kd6 {[%emt 0:02:03]} 82. Bxf6 {[%emt 0:01:08]} c5 {[%emt 0:00:04]} 83. Bg4 {[%emt 0:00:37]} Nh6 {[%emt 0:00:24]} 84. Bf3 {[%emt 0:00:10]} cxb4 {[%emt 0:01:23]} 85. Bxb7 {[%emt 0:00:02]} Ng4 {[%emt 0:00:27]} 86. Bd4 {[%emt 0:00:08]} b3 {[%emt 0:04:40]} 87. Kc3 {[%emt 0:00:01]} Nh6 {[%emt 0:00:15]} 88. Kxb3 {[%emt 0:00:09]} Nf5 {[%emt 0:00:01]} 89. Bb6 {[%emt 0:00:03]} Ne7 {[%emt 0:00:04]} 90. Bxa6 {[%emt 0:00:18]} Kc6 {[%emt 0:00:03]} 91. Be2 {[%emt 0:00:18]} Nc8 {[%emt 0:00:02]} 92. Be3 {[%emt 0:00:07]} Kb7 {[%emt 0:00:06]} 93. Kb4 {[%emt 0:00:04]} Nd6 {[%emt 0:00:11]} 94. Bf3+ {[%emt 0:00:01]} Ka6 {[%emt 0:00:01]} 95. Be2+ {[%emt 0:00:02]} Kb7 {[%emt 0:00:01]} 96. Bf4 {[%emt 0:00:04]} Ne4 {[%emt 0:00:12]} 97. Bf3 {[%emt 0:00:10]} Ka6 {[%emt 0:00:01]} 98. Bxe4 {[%emt 0:00:04]} 1-0

[Event "Fagernes GM-A 2019"]
[Site "Fagernes"]
[Date "2019.04.20"]
[Round "8.9"]
[White "Mihajlov, Sebastian"]
[Black "Santarius, Erik"]
[Result "1/2-1/2"]
[WhiteElo "2361"]
[BlackElo "2411"]
[Annotator "ChessBase"]
[PlyCount "60"]
[EventDate "2019.04.14"]
[EventType "tourn"]
[EventCountry "NOR"]
[SourceTitle "playchess.com"]
[Source "ChessBase"]
[SourceQuality "1"]
[TimeControl "40/7200:3600"]

1. e4 {[%emt 0:07:17]} e5 {[%emt 0:00:20]} 2. Nf3 {[%emt 0:00:39]} Nc6 {[%emt 0:00:09]} 3. d4 {[%emt 0:00:44]} exd4 {[%emt 0:00:09]} 4. Bc4 {[%emt 0:00:04]} Bc5 {[%emt 0:01:10]} 5. O-O {[%emt 0:00:10]} d6 {[%emt 0:01:19]} 6. c3 {[%emt 0:01:42]} Bg4 {[%emt 0:01:44]} 7. Qb3 {[%emt 0:06:09]} Bxf3 {[%emt 0:01:18]} 8. Bxf7+ {[%emt 0:00:55]} Kf8 {[%emt 0:00:09]} 9. Bxg8 {[%emt 0:02:54]} Rxg8 {[%emt 0:00:45]} 10. gxf3 {[%emt 0:00:03]} Bb6 {[%emt 0:07:04]} 11. Qe6 {[%emt 0:06:28]} Qf6 {[%emt 0:07:11]} 12. Qh3 {[%emt 0:03:09]} g5 {[%emt 0:04:32]} 13. Kh1 {[%emt 0:00:10]} Ne5 {[%emt 0:05:50]} 14. a4 {[%emt 0:01:44]} dxc3 {[%emt 0:04:29]} 15. Nxc3 {[%emt 0:00:28]} Qxf3+ {[%emt 0:06:52]} 16. Qxf3+ {[%emt 0:00:04]} Nxf3 {[%emt 0:00:08]} 17. a5 {[%emt 0:03:08]} Bc5 {[%emt 0:01:34]} 18. b4 {[%emt 0:06:19]} Bxb4 {[%emt 0:03:20]} 19. Nd5 {[%emt 0:00:25]} c5 {[%emt 0:02:11]} 20. Nxb4 {[%emt 0:00:02]} cxb4 {[%emt 0:00:07]} 21. Rb1 {[%emt 0:00:03]} b5 {[%emt 0:02:44]} 22. a6 {[%emt 0:01:22]} Rg6 {[%emt 0:09:06]} 23. Rxb4 {[%emt 0:00:25]} d5 {[%emt 0:02:16]} 24. exd5 {[%emt 0:00:22]} Rxa6 {[%emt 0:01:26]} 25. Rxb5 {[%emt 0:00:20]} Kf7 {[%emt 0:01:51]} 26. Be3 {[%emt 0:04:20]} Rh6 {[%emt 0:02:17]} 27. Kg2 {[%emt 0:00:04]} Nh4+ {[%emt 0:00:08]} 28. Kh1 {[%emt 0:00:27]} Nf3 {[%emt 0:00:07]} 29. Kg2 {[%emt 0:00:04]} Nh4+ {[%emt 0:00:06]} 30. Kh1 {[%emt 0:00:07]} Nf3 {[%emt 0:00:09]} 1/2-1/2

[Event "Fagernes GM-A 2019"]
[Site "Fagernes"]
[Date "2019.04.20"]
[Round "8.10"]
[White "Mikalsen, Erlend"]
[Black "Efroimski, Marsel"]
[Result "1-0"]
[WhiteElo "2397"]
[BlackElo "2287"]
[Annotator "NA"]
[PlyCount "117"]
[EventDate "2019.04.14"]
[EventType "tourn"]
[EventCountry "NOR"]
[SourceTitle "playchess.com"]
[Source "ChessBase"]
[SourceQuality "1"]
[TimeControl "40/7200:3600"]

1. e4 {[%emt 0:00:03]} c6 {[%emt 0:04:29]} 2. d4 {[%emt 0:00:06]} d5 {[%emt 0:00:03]} 3. Nc3 {[%emt 0:00:05]} dxe4 {[%emt 0:00:03]} 4. Nxe4 {[%emt 0:00:05]} Bf5 {[%emt 0:00:01]} 5. Ng3 {[%emt 0:00:08]} Bg6 {[%emt 0:00:04]} 6. h4 {[%emt 0:00:03]} h6 {[%emt 0:00:05]} 7. Nf3 {[%emt 0:00:03]} Nd7 {[%emt 0:00:14]} 8. h5 {[%emt 0:00:06]} Bh7 {[%emt 0:00:02]} 9. Bd3 {[%emt 0:00:06]} Bxd3 {[%emt 0:00:02]} 10. Qxd3 {[%emt 0:00:06]} e6 {[%emt 0:00:06]} 11. Bd2 {[%emt 0:00:03]} Ngf6 {[%emt 0:00:07]} 12. O-O-O {[%emt 0:00:05]} Be7 {[%emt 0:00:09]} 13. Ne4 {[%emt 0:00:07]} Nxe4 {[%emt 0:00:05]} 14. Qxe4 {[%emt 0:00:02]} Nf6 {[%emt 0:00:04]} 15. Qe2 {[%emt 0:00:04]} Qd5 {[%emt 0:00:03]} 16. Kb1 {[%emt 0:00:04]} Rd8 {[%emt 0:00:09]} 17. Ne5 {[%emt 0:03:01]} Qxg2 {[%emt 0:00:29]} 18. Rh4 {[%emt 0:16:08]} O-O {[%emt 0:04:42]} 19. Nf3 {[%emt 0:17:32]} Ng4 {[%emt 0:00:53]} 20. Rg1 {[%emt 0:00:05]} Qxf2 {[%emt 0:00:07]} 21. Qxf2 {[%emt 0:00:11]} Nxf2 {[%emt 0:00:06]} 22. Rh2 {[%emt 0:00:08]} Ne4 {[%emt 0:00:38]} 23. Bxh6 {[%emt 0:00:47]} Kh7 {[%emt 0:00:36]} 24. Bxg7 {[%emt 0:00:04]} Rg8 {[%emt 0:00:03]} 25. h6 {[%emt 0:00:11]} Nd6 {[%emt 0:23:34]} 26. Ne5 {[%emt 0:04:59]} f6 {[%emt 0:19:56]} 27. Ng6 {[%emt 0:02:01]} Nf5 {[%emt 0:02:23]} 28. c3 {[%emt 0:08:30]} Bd6 {[%emt 0:10:48]} 29. Rhg2 {[%emt 0:01:15]} Rd7 {[%emt 0:11:19]} 30. Bxf6 {[%emt 0:00:13]} Ne3 {[%emt 0:12:13]} 31. Rg5 {[%emt 0:05:23]} Bh2 {[%emt 0:09:57]} 32. Ne7 {[%emt 0:01:51]} Rxg5 {[%emt 0:09:24]} 33. Rxg5 {[%emt 0:00:29]} Nf5 {[%emt 0:01:40]} 34. Nxf5 {[%emt 0:01:37]} exf5 {[%emt 0:00:01]} 35. Rxf5 {[%emt 0:05:49]} Kxh6 {[%emt 0:00:24]} 36. Be5 {[%emt 0:00:47]} Kg6 {[%emt 0:01:22]} 37. Rf6+ {[%emt 0:00:26]} Kg5 {[%emt 0:00:18]} 38. Re6 {[%emt 0:00:16]} Kf5 {[%emt 0:00:50]} 39. Re8 {[%emt 0:00:03]} Bg1 {[%emt 0:01:19]} 40. Kc2 {[%emt 0:02:16]} c5 {[%emt 0:01:07]} 41. Kd3 {[%emt 1:00:24]} cxd4 {[%emt 0:05:31]} 42. cxd4 {[%emt 0:00:00]} Rh7 {[%emt 0:01:48]} 43. Rf8+ {[%emt 0:00:00]} Ke6 {[%emt 0:00:38]} 44. Rf6+ {[%emt 0:00:00]} Ke7 {[%emt 0:10:28]} 45. Rf1 {[%emt 0:00:00]} Rh3+ {[%emt 0:01:22]} 46. Ke4 {[%emt 0:00:00]} Be3 {[%emt 0:02:43]} 47. Kd5 {[%emt 0:00:00]} Rh5 {[%emt 0:01:33]} 48. Rf3 {[%emt 0:00:00]} Bd2 {[%emt 0:02:51]} 49. Ra3 {[%emt 0:00:00]} a6 {[%emt 0:01:16]} 50. Rb3 {[%emt 0:00:00]} b5 {[%emt 0:00:09]} 51. Rg3 {[%emt 0:00:00]} Rh6 {[%emt 0:08:42]} 52. Rg7+ {[%emt 0:00:00]} Kd8 {[%emt 0:00:13]} 53. Bd6 {[%emt 0:00:00]} Rh1 {[%emt 0:02:13]} 54. Kc6 {[%emt 0:00:00]} Rc1+ {[%emt 0:00:15]} 55. Bc5 {[%emt 0:00:00]} Ke8 {[%emt 0:01:06]} 56. Re7+ {[%emt 0:00:00]} Kd8 {[%emt 0:00:07]} 57. Rf7 {[%emt 0:00:00]} Bh6 {[%emt 0:00:50]} 58. Rh7 {[%emt 0:00:00]} Bf8 {[%emt 0:00:13]} 59. Rh8 {[%emt 0:00:00]} 1-0

[Event "Fagernes GM-A 2019"]
[Site "Fagernes"]
[Date "2019.04.20"]
[Round "8.11"]
[White "Isha Sharma"]
[Black "Hobber, Anders"]
[Result "1/2-1/2"]
[WhiteElo "1989"]
[BlackElo "2295"]
[Annotator "NA"]
[PlyCount "102"]
[EventDate "2019.04.14"]
[EventType "tourn"]
[EventCountry "NOR"]
[SourceTitle "playchess.com"]
[Source "ChessBase"]
[SourceQuality "1"]
[TimeControl "40/7200:3600"]

1. e4 {[%emt 0:00:04]} d5 {[%emt 0:11:22]} 2. exd5 {[%emt 0:00:17]} Qxd5 {[%emt 0:00:15]} 3. Nc3 {[%emt 0:00:09]} Qd8 {[%emt 0:00:14]} 4. d4 {[%emt 0:00:18]} Nf6 {[%emt 0:00:26]} 5. Nf3 {[%emt 0:02:32]} Bg4 {[%emt 0:00:42]} 6. Be2 {[%emt 0:01:42]} e6 {[%emt 0:02:43]} 7. Bf4 {[%emt 0:02:13]} c6 {[%emt 0:06:07]} 8. h3 {[%emt 0:02:43]} Bxf3 {[%emt 0:09:25]} 9. Bxf3 {[%emt 0:00:44]} Nbd7 {[%emt 0:03:58]} 10. O-O {[%emt 0:00:51]} Be7 {[%emt 0:01:48]} 11. Bg3 {[%emt 0:04:32]} O-O {[%emt 0:00:34]} 12. Ne2 {[%emt 0:00:20]} Re8 {[%emt 0:05:44]} 13. c4 {[%emt 0:03:38]} Bf8 {[%emt 0:02:56]} 14. Nc3 {[%emt 0:05:13]} Qb6 {[%emt 0:11:29]} 15. Na4 {[%emt 0:12:14]} Qa5 {[%emt 0:01:56]} 16. a3 {[%emt 0:02:09]} e5 {[%emt 0:11:54]} 17. b4 {[%emt 0:02:26]} Qd8 {[%emt 0:02:06]} 18. Nc3 {[%emt 0:04:27]} e4 {[%emt 0:10:12]} 19. Be2 {[%emt 0:00:13]} g6 {[%emt 0:01:18]} 20. Qb3 {[%emt 0:03:07]} Bg7 {[%emt 0:01:47]} 21. Rad1 {[%emt 0:06:10]} e3 {[%emt 0:05:43]} 22. c5 {[%emt 0:06:09]} Bh6 {[%emt 0:06:19]} 23. Bf3 {[%emt 0:07:55]} exf2+ {[%emt 0:00:38]} 24. Bxf2 {[%emt 0:00:05]} Be3 {[%emt 0:03:32]} 25. Rfe1 {[%emt 0:01:44]} Bxf2+ {[%emt 0:00:21]} 26. Kxf2 {[%emt 0:00:02]} Qc7 {[%emt 0:02:19]} 27. g3 {[%emt 0:03:14]} h5 {[%emt 0:00:59]} 28. d5 {[%emt 0:02:07]} h4 {[%emt 0:01:35]} 29. d6 {[%emt 0:00:13]} hxg3+ {[%emt 0:00:08]} 30. Kg2 {[%emt 0:07:39]} Qd8 {[%emt 0:00:10]} 31. Qc4 {[%emt 0:06:01]} Ne5 {[%emt 0:01:17]} 32. Qf4 {[%emt 0:00:31]} Nfd7 {[%emt 0:00:33]} 33. Ne4 {[%emt 0:00:59]} Kg7 {[%emt 0:01:31]} 34. Be2 {[%emt 0:02:24]} f5 {[%emt 0:00:32]} 35. Nxg3 {[%emt 0:00:44]} Rh8 {[%emt 0:01:09]} 36. Rd4 {[%emt 0:00:05]} Qf6 {[%emt 0:00:43]} 37. Bd1 {[%emt 0:01:21]} a5 {[%emt 0:00:38]} 38. Re3 {[%emt 0:02:41]} axb4 {[%emt 0:00:32]} 39. Rxb4 {[%emt 0:00:06]} Ra7 {[%emt 0:01:28]} 40. Bc2 {[%emt 0:00:25]} Re8 {[%emt 0:00:37]} 41. Bxf5 {[%emt 1:03:12]} Rf8 {[%emt 0:07:37]} 42. Bxd7 {[%emt 0:00:00]} Nxd7 {[%emt 0:00:20]} 43. Re7+ {[%emt 0:00:00]} Rf7 {[%emt 0:00:31]} 44. Rxf7+ {[%emt 0:00:00]} Qxf7 {[%emt 0:01:29]} 45. Qxf7+ {[%emt 0:00:00]} Kxf7 {[%emt 0:00:02]} 46. Ne4 {[%emt 0:00:00]} Ke6 {[%emt 0:02:43]} 47. a4 {[%emt 0:00:00]} Kd5 {[%emt 0:07:42]} 48. Kf3 {[%emt 0:00:00]} Ra8 {[%emt 0:04:37]} 49. Rxb7 {[%emt 0:00:00]} Ne5+ {[%emt 0:00:10]} 50. Ke3 {[%emt 0:00:00]} Nc4+ {[%emt 0:00:07]} 51. Kd3 {[%emt 0:00:00]} Ne5+ {[%emt 0:00:07]} 1/2-1/2

[Event "Fagernes GM-A 2019"]
[Site "Fagernes"]
[Date "2019.04.20"]
[Round "8.12"]
[White "Vitenberg, Noam Aviv"]
[Black "Abdrlauf, Elham"]
[Result "1/2-1/2"]
[WhiteElo "2203"]
[BlackElo "2123"]
[Annotator "NA"]
[PlyCount "20"]
[EventDate "2019.04.14"]
[EventType "tourn"]
[EventCountry "NOR"]
[SourceTitle "playchess.com"]
[Source "ChessBase"]
[SourceQuality "1"]
[TimeControl "40/7200:3600"]

1. d4 {[%emt 0:00:09]} e6 {[%emt 0:01:00]} 2. c4 {[%emt 0:00:27]} Nf6 {[%emt 0:04:21]} 3. Nc3 {[%emt 0:00:05]} Bb4 {[%emt 0:00:37]} 4. Qc2 {[%emt 0:00:05]} c5 {[%emt 0:01:29]} 5. Nf3 {[%emt 0:01:03]} Nc6 {[%emt 0:02:46]} 6. dxc5 {[%emt 0:05:53]} Bxc5 {[%emt 0:01:04]} 7. Bg5 {[%emt 0:03:37]} h6 {[%emt 0:04:13]} 8. Bh4 {[%emt 0:02:13]} Qa5 {[%emt 0:07:16]} 9. e3 {[%emt 0:05:55]} Bb4 {[%emt 0:01:22]} 10. Bd3 {[%emt 0:02:12]} Bxc3+ {[%emt 0:05:04]} 1/2-1/2